00528 2200193 4500245009200000020002200092250001100114100002300125700002000148700001000168650001700178005001900195260004100214041001400255084001300269300003200282336000900314338001100323 aNaruto The Movie b : Ninja Clash In The Land of Snow Vol. 1cKishimoto, MasashihText a978-602-02-8346-3 aCet. 1 aKishimoto, Masashi aAnggi Virgianti aMilka aKomik Jepang a20230201150925 aJakartabElex Media Komputindoc2016 aIndonesia a741.5592 a... jil. :bilus. ;c17 cm. atext avolume